Η αραβική γλώσσα για τους Έλληνες
Αποθηκεύτηκε σε:
| Κύριος συγγραφέας: | |
|---|---|
| Μορφή: | Βιβλίο |
| Γλώσσα: | Greek |
| Δημοσίευση: |
Θεσσαλονίκη :
Ζήτρος,
2006.
|
| Θέματα: | |
| Ετικέτες: |
Προσθήκη ετικέτας
Δεν υπάρχουν, Καταχωρήστε ετικέτα πρώτοι!
|
MARC
| LEADER | 00000nam a2200000 a 4500 | ||
|---|---|---|---|
| 001 | 1/114305 | ||
| 008 | 170608s2006####gr | ||| |||| ||gre|| | ||
| 020 | |a 9789608437845 | ||
| 040 | |a GR-MyUa |b gre |c GR-MyUa |e AACR2 | ||
| 041 | 1 | |a gre |k ara | |
| 082 | 7 | |a 492.7 |2 (23) | |
| 100 | 1 | |a Ellethy, Yaser, I.A. | |
| 245 | 1 | 2 | |a Η αραβική γλώσσα για τους Έλληνες / |c Yaser I. A. Ellethy. |
| 260 | |a Θεσσαλονίκη : |b Ζήτρος, |c 2006. | ||
| 300 | |a 239 σ. : |b σχέδ. ; |c 24 εκ. | ||
| 650 | 0 | |a Arabic language |x Grammar. | |
| 650 | 0 | |a Arabic language |x Textbooks for foreign speakers |x Greece. | |
| 852 | |a INST |b RHODES |c EUDOXUS |e 20170608 |h 492.7 ELL |p 005400039329 |q 005400039329 |t EDX |y 0 | ||
| 920 | |a Εύδοξος |b Παραγγελία |y Ρόδος-ΤΕΠΑΕΣ |z 2017-05 | ||
| 970 | |z 08-06-2017 | ||